000 00915nam a2200265Ia 4500
003 OSt
005 20221005112557.0
006 a|||||r|||| 00| 0
007 ta
008 221004b |||||||| |||| 00| 0 pan d
020 _cINR 200.00
024 _a65709
037 _b1195, 20/02/2020, H.K. Prakashan
_cTextual
040 _aCRL
_cCRL
_bpan
041 _2pan
_apan
082 _aO153,3x, Q9
100 _aਸਿੰਘ, ਅੱਛਰੂ, ਥਦ.
245 0 _aਅਸਮਾਨ ਡਿੱਗ ਰਿਹਾ ਹੈ
260 _aਚੰਡੀਗੜ੍ਹ
_bਲੋਕਗੀਤ ਪ੍ਰਕਾFਨ ਭਾਰਤ
_c2019
300 _a118ਪ੍ਰ0
_ccm.
650 _a ਪੰਜਾਬੀ ਕਹਾਣੀ
650 _aਪੰਜਾਬੀ ਸਾਹਿਤ
942 _hO153,3x, Q9
_cTEXL
_2cc
999 _c1025312
_d1025312